Normal view
MARC view
- Fearon, Harold.E Leenders, Michiel.R
Entry Personal Name
001 - CONTROL NUMBER
- control field: 77200
003 - CONTROL NUMBER IDENTIFIER
- control field: NUST
005 - DATE AND TIME OF LATEST TRANSACTION
- control field: 20210628205833.0
008 - FIXED-LENGTH DATA ELEMENTS
- fixed length control field: 210628|| aca||aabn | a|a d
040 ## - CATALOGING SOURCE
- Original cataloging agency: NUST
- Transcribing agency: NUST
100 ## - HEADING--PERSONAL NAME
- Personal name: Fearon, Harold.E Leenders, Michiel.R
670 ## - SOURCE DATA FOUND
- Source citation: Work cat.: (NUST): Fearon, Harold.E Leenders, Michiel.R, Purchasing and materials management, 1993
